000 00632nam a22002057i 4500
001 6253
003 OSt
005 20180914133408.0
007 tu
008 161220s2003 gw |||||||||||||||||ger d
024 7 _a6253
_2RID
024 7 _a6253
_2RSN (alt)
040 _cOSt
041 _ager
245 0 0 _aNationale Sprachpolitik und europäische Integration
_bTagungsbericht der forost-Projektgruppe III
260 _aMünchen :
_bforost - Forschungsverbund Ost- und Südosteuropa,
_c2003.
110 2 _aforost - Forschungsverbund Ost- und Südosteuropa
490 _aforost Arbeitspapiere
_v18/Dezember 2003
_x1613-0332
942 _cP
999 _c5860
_d5860